000 00316nam a22001457a 4500
008 210602b ||||| |||| 00| 0 eng d
020 _a087120164X
041 _aeng
080 _a658
082 _a658
100 _a54
101 _aLID
245 _aInstructional Leadership
_cWilma F. Smith
942 _2udc
_cBK
999 _c57926
_d57926